000 00832cab a2200253 4500
001 WB2918-17
008 090401t1993 xxu||||| |||| 00| 0 eng d
035 _a(Sirsi) u25234
041 _aeng
245 _aErrors by court officials
260 _c1993
350 _a0
490 _aEstates Gazette
_v(9318) 8 May 1993, 128(1)
520 _aCompares two landlord and tenant cases, "R v Gravesend County Court ex parte Patchett" and "Ward-Lee v Linehan", where litigation arose from a failure of the courts to issue applications for interim rent and a new tenancy respectively.
650 _aINTERIM RENT
650 _aLANDLORD AND TENANT ACT 1954
650 _aLEASES
650 _aRENEWAL
650 _aTIME LIMITS
690 _aPROPERTY-LANDLORD AND TENANT
690 _aLAW
942 _n0
948 _c04/03/1997
999 _c16935
_d16935